| 000 | 00664nam a2200133Ia 4500 | ||
|---|---|---|---|
| 008 | 100328s9999 xx 000 0 und d | ||
| 082 | _b59344 | ||
| 100 | _aभावे राम. | ||
| 245 | _aअमृताची फळे (शालेय रंगभूमीसाठी उपयुक्त एकांकिका). | ||
| 260 | _bआभा. | ||
| 630 | _aअमृताची फळे (शालेय रंगभूमीसाठी उपयुक्त एकांकिका). | ||
| 730 | _aअमृताची फळे (शालेय रंगभूमीसाठी उपयुक्त एकांकिका). | ||
| 942 | _cBOOK | ||
| 999 |
_c545581 _d545578 |
||